| 000 | 01074nam a22001577a 4500 | ||
|---|---|---|---|
| 041 | _aukr | ||
| 080 | _a09 | ||
| 090 | _bФУР | ||
| 100 | _aФурманець О. М. | ||
| 245 | _aЛінгвістична термінологія англійської мови | ||
| 260 |
_aОстрог _bКАФ _c2004 |
||
| 300 | _a40 | ||
| 520 |
_aРозділ 1. Лінгвістична термінологія як наука.
1.1. Обгрунтування поняття термінології.
1.2. Термінологія в лінгвістиці.
1.3. Синоніміка в термінології.
Розділ 2. Лінгвістична термінологія.
2.1. Класифікація лінгвістичних словників.
2.2. Типологія термінологічних словників.
2.3. Характеристика тлумачного словника лінгвістичних термінів. _0Термінологія, лінгвістика, характеристика. |
||
| 650 | _aResearch Papers | ||
| 999 |
_c282615 _d282615 |
||
| 942 | _cBK | ||